| 000 | 00591nam a22002057a 4500 | ||
|---|---|---|---|
| 999 |
_c6243 _d6243 |
||
| 003 | AR-CdUCM | ||
| 008 | 190314b ||||| |||| 00| 0 spa d | ||
| 040 |
_aMUNICIPALIDAD PROVINCIAL DEL CUSCO _cBIBLIOTECA MUNICIPAL DEL CUSCO |
||
| 082 |
_a869.56 / _bO81 |
||
| 100 |
_aOsorio, Juan Alberto _96571 |
||
| 245 | _aInaucis y otros poemas / | ||
| 260 |
_aArequipa : _bUNSA., _c1999 |
||
| 300 |
_a95 páginas ; _c20 cm. |
||
| 505 | _aContenido: Poesía. | ||
| 650 |
_aPoesía _9139 |
||
| 650 |
_aAr equipa _917976 |
||
| 650 |
_apoeta cuzqueño _917977 |
||
| 942 |
_2ddc _cLIBROS |
||
| 945 | _admma | ||